000 00187nam a2200085Ia 4500
008 120527s9999 xx 000 0 und d
100 _aHUNT,Alan.
245 _aFoucalt and law.
942 _cBK
999 _c23847
_d23847